La vie d'Émile Zola - Statistiques

Statistiques générales
  • Ce quiz a été pris 147 fois
  • Le résultat moyen est 7 sur 15
Statistiques - réponses
Indice Réponse % Correct
Nom de son article publié dans l'Aurore en janvier 1898 J'accuse... !
95%
Affaire judiciaire au cours de laquelle l'article ci-dessus est publié Dreyfus
91%
Roman racontant la dureté de la condition ouvrière des mines du Nord-Pas-de-Calais Germinal
91%
Nom qui regroupe une série de 20 romans célèbres d'Émile Zola Les Rougon-Macquart
80%
Zola s'est beaucoup inspiré de cet écrivain français, notamment auteur de La Comédie humaine Honoré de Balzac
75%
Roman racontant l'avènement des grands magasins Au Bonheur des Dames
60%
Anna Coupeau est le personnage principal de ce roman Nana
56%
Il est considéré comme le chef de file de ce mouvement littéraire Naturalisme
53%
Ville dans laquelle il s'exile à la suite de cette affaire Londres
37%
Peintre français qui a été camarade de classe de Zola Paul Cézanne
36%
Et est également la fille de l'héroïne principale de ce livre L'Assommoir
35%
Ville des Yvelines dans laquelle il rédigea ce livre Médan
13%
Prénom de la femme de Zola Alexandrine
12%
Éditeur principal de Zola Georges Charpentier
4%
Ce livre est d'abord publié sous forme de feuilleton dans ce quotidien français Gil Blas
2%
Aucun quiz correspondant
Distribution des résultats
% des personnes avec chaque résultat
Percentile par nombre de réponses
Votre historique - résultats
Vous n’avez pas pris ce quiz